[Event "EU-ch Online U16 Girls"]
[Site "Tornelo INT"]
[Date "2020.09.20"]
[Round "7"]
[White "Hollmerus, Elisabet"]
[Black "Vukosavljevic, Tatjana"]
[Result "0-1"]
[WhiteElo "1512"]
[BlackElo "1364"]
[PlyCount "156"]
[EventDate "2020.09.18"]
[EventType "swiss (rapid)"]
[EventRounds "9"]
[EventCountry "NET"]
[SourceTitle "EXT 2023"]
[Source "ChessBase"]
[SourceDate "2022.10.05"]
[SourceVersion "1"]
[SourceVersionDate "2022.10.05"]
[SourceQuality "1"]
[WhiteTeam "Finland"]
[BlackTeam "Serbia"]
[WhiteTeamCountry "FIN"]
[BlackTeamCountry "SRB"]

1. e4 d6 2. d4 Nf6 3. Nc3 g6 4. Nf3 Bg7 5. Be2 0-0 6. 0-0 Nc6 7. h3 a6 8. Be3 e5 9. Re1 exd4 10. Nxd4 Re8 11. Nxc6 bxc6 12. Bf3 Rb8 13. Rb1 Nd7 14. Bd4 Ne5 15. Be2 Qh4 16. Qd2 Rb4 17. Bxe5 Bxe5 18. Bf3 Rd4 19. Qe3 c5 20. Ne2 Rb4 21. c3 Rb8 22. Nc1 c4 23. Ne2 c5 24. Red1 h5 25. Kf1 Bd7 26. Ng1 Ba4 27. Re1 Bc2 28. Ra1 Bd3+ 29. Be2 Bf4 30. g3 Bxe3 31. gxh4 Bf4 32. Bxd3 cxd3 33. Rab1 Rb7 34. b3 Rbe7 35. f3 d5 36. Red1 dxe4 37. fxe4 d2 38. Ne2 Bh6 39. Ng3 Rd8 40. Kf2 Rd3 41. c4 Be3+ 42. Ke2 Red7 43. Nf1 Bf4 44. Rb2 Rxh3 45. Nxd2 Rh2+ 46. Ke1 Bxd2+ 47. Rdxd2 Rdxd2 48. Rxd2 Rxh4 49. Re2 Rf4 50. Kd2 Rf3 51. Rg2 Kg7 52. Ke2 Rc3 53. Kd2 Rh3 54. Rf2 f6 55. Re2 h4 56. Ke1 Rg3 57. Kf2 g5 58. Rd2 Rh3 59. Kg2 Re3 60. Rd6 Rxe4 61. Rxa6 g4 62. a4 h3+ 63. Kg3 Kg6 64. Rd6 Kg5 65. Rd5+ f5 66. Rd2 Re3+ 67. Kf2 Rxb3 68. Ra2 f4 69. a5 g3+ 70. Kf1 f3 71. Ke1 h2 72. Kd2 h1Q 73. Kc2 Re3 74. Kd2 Re2+ 75. Kd3 Qd1+ 76. Kc3 Re3+ 77. Kb2 Qd2+ 78. Ka1 Re1# 0-1

[Event "EU-ch Online U16 Girls"]
[Site "Tornelo INT"]
[Date "2020.09.18"]
[Round "1"]
[White "Ruzic, Pia Marie"]
[Black "Hollmerus, Elisabet"]
[Result "1-0"]
[WhiteElo "1865"]
[BlackElo "1512"]
[PlyCount "151"]
[EventDate "2020.09.18"]
[EventType "swiss (rapid)"]
[EventRounds "9"]
[EventCountry "NET"]
[SourceTitle "EXT 2023"]
[Source "ChessBase"]
[SourceDate "2022.10.05"]
[SourceVersion "1"]
[SourceVersionDate "2022.10.05"]
[SourceQuality "1"]
[WhiteTeam "Slovenia"]
[BlackTeam "Finland"]
[WhiteTeamCountry "SLO"]
[BlackTeamCountry "FIN"]

1. c4 f5 2. Nf3 Nf6 3. g3 e6 4. Bg2 Be7 5. 0-0 0-0 6. d3 c6 7. b3 d5 8. Ba3 Bd7 9. Bxe7 Qxe7 10. a3 a5 11. d4 Be8 12. Nc3 Nbd7 13. Qd2 Ne4 14. Nxe4 fxe4 15. Qg5 Qxg5 16. Nxg5 e5 17. dxe5 Nxe5 18. cxd5 cxd5 19. Rfd1 Bc6 20. Ne6 Rf7 21. h3 h6 22. Rac1 Re8 23. Nf4 Rd7 24. Rd4 Rd6 25. Bxe4 Red8 26. Bg2 g5 27. Nd3 Nxd3 28. Rxd3 Bb5 29. Rd2 Bc6 30. Rd4 Kf8 31. Rc5 b6 32. Rc3 Ke7 33. Kf1 Kd7 34. e3 Kc7 35. Ke1 Kb7 36. Rcd3 Kc7 37. Rd2 Bb7 38. h4 Bc6 39. Rg4 Bd7 40. Rc2+ Kb7 41. Rgc4 Rc8 42. Rxc8 Bxc8 43. Rd2 Kc6 44. Rd4 Bf5 45. Kd2 Be4 46. f3 Bf5 47. hxg5 hxg5 48. f4 g4 49. Kc3 Kc5 50. e4 Bxe4 51. Bxe4 dxe4 52. Rxe4 Rf6 53. Re5+ Kd6 54. Rg5 Re6 55. Kd4 Re1 56. Rxg4 Ra1 57. a4 Rb1 58. Rg6+ Kc7 59. Kc4 Rc1+ 60. Kb5 Rc5+ 61. Ka6 Rc3 62. Rxb6 Rxg3 63. Kxa5 Rf3 64. Rb4 Kd6 65. Kb6 Rc3 66. a5 Rc6+ 67. Kb5 Rc5+ 68. Ka4 Rc6 69. Rb6 Rxb6 70. axb6 Kc6 71. f5 Kxb6 72. f6 Kc5 73. f7 Kd5 74. f8Q Ke5 75. Qe7+ Kf5 76. Qe3 1-0

[Event "EU-ch U14 Girls"]
[Site "Bratislava"]
[Date "2019.08.09"]
[Round "8"]
[White "Askaryan, Aneta"]
[Black "Hollmerus, Elisabet"]
[Result "0-1"]
[WhiteElo "1396"]
[BlackElo "1430"]
[PlyCount "68"]
[EventDate "2019.08.02"]
[EventType "swiss"]
[EventRounds "9"]
[EventCountry "SVK"]
[SourceTitle "EXT 2020"]
[Source "ChessBase"]
[SourceDate "2019.10.17"]
[SourceVersion "1"]
[SourceVersionDate "2019.10.17"]
[SourceQuality "1"]

1. d4 f5 2. c4 Nf6 3. g3 e6 4. Bg2 d5 5. Nd2 c6 6. e3 Bd6 7. Ne2 0-0 8. 0-0 Bd7 9. b3 Be8 10. Bb2 Qe7 11. f3 Bg6 12. Nf4 e5 13. Nxg6 hxg6 14. e4 exd4 15. exd5 cxd5 16. Bxd4 Bc5 17. Bxc5 Qxc5+ 18. Kh1 Nc6 19. Rc1 dxc4 20. Nxc4 Rad8 21. Qc2 Nb4 22. Qb1 Nd3 23. Rc2 Nb4 24. Rc3 b5 25. Qe1 Nxa2 26. Rc2 Nb4 27. Rc1 Nd3 28. Qe6+ Kh7 29. Na5 Nxc1 30. Nb7 Qc8 31. Nxd8 Rxd8 32. Qe3 Nd3 33. Qxa7 Qc5 34. Qa2 Nd5 0-1

[Event "FIN-ch U14"]
[Site "Turku"]
[Date "2019.06.07"]
[Round "4"]
[White "Vainikka, Toni"]
[Black "Hollmerus, Elisabet"]
[Result "1/2-1/2"]
[WhiteElo "1883"]
[BlackElo "1350"]
[PlyCount "67"]
[EventDate "2019.06.06"]
[EventType "swiss"]
[EventRounds "7"]
[EventCountry "FIN"]
[SourceTitle "EXT 2021"]
[Source "ChessBase"]
[SourceDate "2020.10.23"]
[SourceVersion "1"]
[SourceVersionDate "2020.10.23"]
[SourceQuality "1"]

1. d4 d5 2. Nf3 Nf6 3. e3 Bg4 4. b3 e6 5. Bb2 Bb4+ 6. c3 Bd6 7. Nbd2 Nbd7 8. Be2 0-0 9. 0-0 Re8 10. c4 c6 11. Ne5 Bxe2 12. Qxe2 Qc7 13. f4 Ne4 14. c5 Bxe5 15. fxe5 Nxd2 16. Qxd2 Nf8 17. Rf3 Ng6 18. Raf1 Rf8 19. Qf2 Qe7 20. Bc1 Qh4 21. Rxf7 Qxf2+ 22. R7xf2 Rxf2 23. Rxf2 Rf8 24. g3 Rxf2 25. Kxf2 Ne7 26. Kf3 g5 27. e4 dxe4+ 28. Kxe4 h6 29. Bd2 Kf7 30. b4 a6 31. a4 Nd5 32. h3 Kg6 33. Be1 Kf7 34. Kd3 1/2-1/2

[Event "EU-ch U12 Girls 27th"]
[Site "Mamaia"]
[Date "2017.09.08"]
[Round "4"]
[White "Ojog, Felicia"]
[Black "Hollmerus, Elisabet"]
[Result "1-0"]
[WhiteElo "1594"]
[BlackElo "1259"]
[PlyCount "71"]
[EventDate "2017.09.05"]
[EventType "swiss"]
[EventRounds "9"]
[EventCountry "ROU"]
[SourceTitle "CBM 180 Extra"]
[Source "ChessBase"]
[SourceDate "2017.10.06"]
[SourceVersion "1"]
[SourceVersionDate "2017.10.06"]
[SourceQuality "1"]

1. d4 f5 2. c4 Nf6 3. Nc3 e6 4. Nf3 Bb4 5. Bd2 b6 6. g3 d5 7. Qa4+ Nbd7 8. Qxb4 a5 9. Qb3 c6 10. cxd5 cxd5 11. Bg2 h6 12. Rc1 Ba6 13. Nb5 Bxb5 14. Qxb5 Rc8 15. 0-0 g5 16. Ne5 Rh7 17. Nc6 Rxc6 18. Rxc6 Ke7 19. Rfc1 Ne4 20. Be3 Qe8 21. Bxe4 fxe4 22. Rc7 Kf6 23. f4 gxf4 24. Bxf4 Kg7 25. Be5+ Kf8 26. Rc8 Re7 27. Bd6 Kf7 28. Rxe8 Kxe8 29. Bxe7 Kxe7 30. Rc7 Kf6 31. Qxd7 Kf5 32. Qh7+ Kg4 33. Kg2 Kg5 34. h4+ Kh5 35. Qf7+ Kg4 36. Qg6# 1-0

[Event "EU-ch U12 Girls 27th"]
[Site "Mamaia"]
[Date "2017.09.05"]
[Round "1"]
[White "Hollmerus, Elisabet"]
[Black "Matasaru, Stephanie"]
[Result "0-1"]
[WhiteElo "1259"]
[BlackElo "1662"]
[PlyCount "102"]
[EventDate "2017.09.05"]
[EventType "swiss"]
[EventRounds "9"]
[EventCountry "ROU"]
[SourceTitle "CBM 180 Extra"]
[Source "ChessBase"]
[SourceDate "2017.10.06"]
[SourceVersion "1"]
[SourceVersionDate "2017.10.06"]
[SourceQuality "1"]

1. e4 c5 2. Nf3 d6 3. d4 cxd4 4. Nxd4 Nf6 5. Nc3 g6 6. Bb5+ Bd7 7. Bxd7+ Nbxd7 8. 0-0 Bg7 9. Re1 0-0 10. Bg5 Ne5 11. Nf3 Nxf3+ 12. Qxf3 h6 13. Bh4 Rc8 14. Rac1 g5 15. Bg3 Nd7 16. Nd1 Qb6 17. c3 a5 18. h4 gxh4 19. Bxh4 Ne5 20. Qe3 Qxe3 21. Nxe3 Nd3 22. Bxe7 Rfe8 23. Nf5 Nxc1 24. Rxc1 Rc7 25. Bxd6 Rd7 26. Bf4 Rxe4 27. Bxh6 Bxh6 28. Nxh6+ Kh7 29. Nf5 Rd2 30. Ng3 Rf4 31. f3 Rxb2 32. Ra1 Ra4 33. a3 Rb3 34. Ne2 Rbxa3 35. Rc1 Ra1 36. Kf2 Rxc1 37. Nxc1 Ra1 38. Nb3 Ra3 39. Nc5 Rxc3 40. Nxb7 a4 41. Nd6 a3 42. Ne4 Rc2+ 43. Kg3 a2 44. Ng5+ Kg6 45. Ne4 a1Q 46. Kf4 Qc1+ 47. Kg3 f5 48. Nf2 Qg5+ 49. Ng4 f4+ 50. Kh2 Qh4+ 51. Kg1 Rc1# 0-1